| 000 | 00813nam a2200265Ia 4500 | ||
|---|---|---|---|
| 001 | Z_263 | ||
| 003 | CHAP | ||
| 008 | 220113s1977 xx 000 0 und d | ||
| 010 | _a163238 | ||
| 040 | _cCHAP | ||
| 090 | _aTesis A 3 | ||
| 100 |
_aAguirre Ortega, Jorge _93023 |
||
| 245 |
_aValor alimenticio del acemite de trigo como sustituto del sorgo en dietas de codornices (Coturnix coturnix japonica) en crecimiento / _c Jorge Aguirre Ortega |
||
| 260 |
_aChapingo, Méx. : _bEl autor, _c1977 |
||
| 300 | _a40 h. gráfs. | ||
| 502 | _aTesis (Ing. Agrónomo Esp. en Zootecnia) -- ENA. Departamento de Zootecnia | ||
| 650 |
_aCodorniz _xNutrición _924310 |
||
| 650 |
_aTrigo _xSubproductos _9115105 |
||
| 901 | _aTESIS A 3 | ||
| 902 | _aM | ||
| 910 | _a1977 | ||
| 942 | _c2 | ||
| 942 | _c2 | ||
| 999 |
_c163238 _d163238 |
||